00739nam a22002177a 450000500170000001000130001702000330003003500140006303700190007708200060009624500420010226000410014427000800018530000280026549000160029370000220030970000170033194200200034899900190036895201340038720241212144857.0 aB-761448 a9788181539206 vol. 2c340.00 aB-761448  bRainbow Books  aS aRainbow Big Book of Puppy Tales (2)/  aDelhi bRainbow Books c2022(repr.) aF-32, Street No.12, Parwana Road, Jagat Puri, New DelhibNew Delhi e110051 a64p.c28cm(Hb)bcol.ill a1-2(series) aAkankasha 974952 aAryan974953 2ddccCHmRAIhS c207642d207642 001040708FICaLbLd2024-12-12eGift/9.12.24g340.00l0oRAI SpB-761448r2024-12-12 00:00:00t1v340.00w2024-12-12yCHzGift